00417cam a22001217a 4500008004000000020001800040100002300058245009600081260003900177300001300216650004300229700002300272180718b1995 xxu||||| |||| 00| 0 eng d a81 85789 01 0 aAvasthi, Amreshwer aAdhunik bharatiya samajik avom rajnitik thoughtcby Amreshwer Avasthi and Ramkumar Avashthi aJaipurbResearch Publicationc1995 aii,595p. aModren indian social-political thought aAvashthi, Ramkumar